000 00665nam a22002417a 4500
003 UA-OsUOA
001 21945
007 ta
008 20031215b un ||||| |||| 00| 0 ukr d
100 _aШиперович Б.Я.
090 _a011
_bШ63
942 _cBK
040 _aUA-OsUOA
_brus
_cUA-OsUOA
_dUA-OsUOA
245 _aИздательство "Советский писатель"
_bБиблиография 1934-1982
_cХуд. В.Виноградов
300 _a720 с.
955 _a0
041 _arus
080 _a011
260 _aМосква
_bСоветский писатель
_c1985
044 _aRU
650 7 _2UDC
999 _c308155
_d308155